Statistics for All Legendary, Mythical, and Ultrabeast Pokemon

Click here to take the quiz!

General Stats

  • This quiz has been taken 8 times
  • The average score is 70 of 89

Answer Stats

HintAnswer% Correct
NormalArceus
100%
Ice/Flying
Psychic/Flying
Articuno
100%
PsychicAzelf
100%
Psychic/GrassCelebi
100%
FireEntei
100%
Ghost/DragonGiratina
100%
GroundGroudon
100%
Fire/FlyingHo-Oh
100%
WaterKyogre
100%
Dragon/IceKyurem
100%
Dragon/PsychicLatias
100%
Dragon/PsychicLatios
100%
Psychic/FlyingLugia
100%
PsychicMew
100%
PsychicMewtwo
100%
Fire/Flying
Dark/Flying
Moltres
100%
ElectricRaikou
100%
Dragon/FlyingRayquaza
100%
IceRegice
100%
RockRegirock
100%
SteelRegisteel
100%
Dragon/FireReshiram
100%
WaterSuicune
100%
PsychicUxie
100%
Psychic/FireVictini
100%
FairyXerneas
100%
Dark/FlyingYveltal
100%
Electric/Flying
Fighting/Flying
Zapdos
100%
Dragon/ElectricZekrom
100%
Psychic/Grass
Psychic/Ice
Psychic/Ghost
Calyrex
80%
Steel/FightingCobalion
80%
PsychicCosmoem
80%
PsychicCosmog
80%
DarkDarkrai
80%
Steel/DragonDialga
80%
Rock/FairyDiancie
80%
Poison/DragonEternatus
80%
Fairy/FlyingEternatus
80%
Bug/SteelGenesect
80%
Dark/DragonGuzzlord
80%
Fire/SteelHeatran
80%
Steel/PsychicJirachi
80%
Psychic/GhostLunala
80%
WaterManaphy
80%
PsychicMesprit
80%
Poison/DragonNaganadel
80%
Rock/PoisonNihilego
80%
Water/DragonPalkia
80%
WaterPhione
80%
PoisonPoipole
80%
NormalRegigigas
80%
Grass
Grass/Flying
Shaymin
80%
Psychic/SteelSolgaleo
80%
Grass/FairyTapu Bulu
80%
Water/FairyTapu Fini
80%
Electric/FairyTapu Koko
80%
Psychic/FairyTapu Lele
80%
Rock/FightingTerrakion
80%
Grass/FightingVirizion
80%
Fire/WaterVolcanion
80%
ElectricXurkitree
80%
Fairy
Fairy/Steel
Zacian
80%
Fighting
Fighting/Steel
Zamazenta
80%
Dark/GrassZarude
80%
Dragon/GroundZygarde
80%
Bug/FightingBuzzwole
60%
Steel/FlyingCelesteela
60%
PsychicCresselia
60%
PsychicDeoxys
60%
Grass/SteelKartana
60%
Water/FightingKeldeo
60%
Steel/FairyMagearna
60%
Fighting/GhostMarshadow
60%
Bug/FightingPheromosa
60%
DragonRegidrago
60%
ElectricRegieleki
60%
Rock/SteelStakataka
60%
ElectricZeraora
60%
Fire/GhostBlacephalon
40%
IceGlastrier
40%
Psychic/Ghost
Psychic/Dark
Hoopa
40%
Ground/FlyingLandorus
40%
SteelMelmetal
40%
SteelMeltan
40%
Psychic
Psychic/Steel
Psychic/Ghost
Psychic/Dragon
Necrozma
40%
GhostSpectrier
40%
Electric/FlyingThundurus
40%
Normal/Psychic
Normal/Fighting
Meloetta
20%
FlyingTornadus
20%

Score Distribution

Percentile by Number Answered

Percent of People with Each Score

Your Score History

You have not taken this quiz